00472nam a2200181Ia 4500003000400000005001700004008004100021020001400062040000700076041000800083082001500091100001800106245009200124250000600216260003800222300001700260365001300277OSt20230405091637.0210423s1992 xx 000 0 und d a393960625 cAL aeng a821.3 DONJ aDONNE (John). aViva modern critical interpretations John Donnes poetry: authoritative texts criticism. a2 aNew YorkbW W Norton & Co.,c1992 axiii,377bPB b225cINR